书目信息 |
| 题名: |
河北省高等学校党课教程
|
|
| 作者: | ;中共河北省委教育工委 编 | |
| 分册: | ||
| 出版信息: | 保定 河北大学出版社 2004 |
|
| 页数: | 345页 | |
| 开本: | 20cm | |
| 丛书名: | ||
| 单 册: | ||
| 中图分类: | D261.42 | |
| 科图分类: | ||
| 主题词: | 中国共产党 | |
| 电子资源: | ||
| ISBN: | 7-81028-921-7 | |
| 000 | 00658nam0 2200193 450 | |
| 001 | 0630781777 | |
| 005 | 20061010083435.48 | |
| 010 | @a7-81028-921-7@dCNY16.00 | |
| 100 | @a20061010d2004 km y0chiy0120 ea | |
| 101 | 0 | @achi |
| 102 | @aCN | |
| 200 | 1 | @a河北省高等学校党课教程@Ahe bei sheng gao deng xue xiao dang ke jiao cheng@f中共河北省委教育工委编@Fzhong gong he bei sheng wei jiao yu gong wei bian |
| 210 | @a保定@c河北大学出版社@d2004 | |
| 215 | @a345页@d20cm | |
| 606 | 0 | @a中国共产党 |
| 690 | @aD261.42@v3 | |
| 711 | 0 | @a中共河北省委教育工委@Azhong gong he bei sheng wei jiao yu gong wei@4编 |
| 801 | 0 | @aCN@bPFT@c20061010 |
| 905 | @a10447@dD261.42@e122 | |
| 河北省高等学校党课教程/中共河北省委教育工委编.-保定:河北大学出版社,2004 |
| 345页;20cm |
| ISBN 7-81028-921-7:CNY16.00 |
| ● |
| 相关链接 |
|
|
|
|
正题名:河北省高等学校党课教程
索取号:D261.42/122
 
预约/预借
| 序号 | 登录号 | 条形码 | 馆藏地/架位号 | 状态 | 备注 |
| 1 | 0494326 | 204943268 | 密集书库/ [索取号:D261.42/122] | 在馆 |